000 00470nam a2200181Ia 4500
008 090124s9999 xx 000 0 und d
082 _b113711
100 _aशेळके उध्दव ज.
245 _a ध्यास
250 _a1
260 _c1970
300 _a88
600 _aशेळके उध्दव ज.
630 _a ध्यास
700 _aशेळके उध्दव ज.
730 _a ध्यास
942 _cBOOK
999 _c159802
_d159802